00810nam a22002051 4500001001300000003000400013005001700017008004100034010002300075040001700098041001100115050001700126100003400143245015600177260015300333300002700486504004100513650003300554999001700587he 67000082 DLC20260227111443.0850221s1964 is a b f00010 eng  ahe 67000082 //r852 aDLC/ICUcICU1 aengrus0 aQC880b.L29310aLaĭkhtman, David Lʹvovich.10aPhysics of the boundary layer of the atmosphere.bFizika pogranichnogo sloya atmosferyc[by] D.L. Laikhtman. Translated from Russian [by I. Shechtman].0 aJerusalem,bIsrael Program for Scientific Translations; [available from the Office of Technical Services, U.S. Dept. of Commerce, Washington]c1964. a200 p.billus.c24 cm. aIncludes bibliographical references. 0aBoundary layer (Meteorology) c32081d32081